000 00741cam a22001814a 4500
005 20250605164405.0
008 250528s ||||||||||||||||||||||||d
035 _a24794
040 _aGR-AtMCL
_bgre
_dGR-AtMCL
_eAACR2
245 1 _aIs it Working with Psychedelies? / The Future of Therapy?
260 _bBacp,
_c2023
300 _a74
520 _aUpfront, Main Features, The Big Issue, Opinion, Reading Water, Lessons Learned from Working with Addiction, Escaping the Supremacy Straightjacket, Ending Well, Sharing a Taste of Life, Regulars, It Changed my Life, My Practice, Research Digest, The Bookshell, Dilemmas, Analyse me, Opportunities.
700 1 _aBrown Sally
_99533
942 _cCR
999 _c9641
_d9641